Statistics for Island Countries

Click here to take the quiz!

General Stats

  • This quiz has been taken 19 times
    (13 since last reset)
  • The average score is 46 of 50

Answer Stats

Answer% Correct
Antigua and Barbuda
100%
Australia
100%
Barbados
100%
Brunei
100%
Cape Verde
100%
Cuba
100%
Dominica
100%
Dominican Republic
100%
Haiti
100%
Ireland
100%
Jamaica
100%
Japan
100%
Kiribati
100%
Madagascar
100%
Malta
100%
New Zealand
100%
Palau
100%
Philippines
100%
Singapore
100%
St Kitts and Nevis
100%
St Lucia
100%
St Vincent and the Grenadines
100%
The Federated States of Micronesia
100%
Trinidad and Tobago
100%
Tuvalu
100%
United Kingdom
100%
Vanuatu
100%
American Samoa
88%
Bahamas
88%
Bahrain
88%
Comoros
88%
Fiji
88%
Grenada
88%
Iceland
88%
Indonesia
88%
Malaysia
88%
Maldives
88%
Marshall Islands
88%
Nauru
88%
São Tomé and Príncipe
88%
Seychelles
88%
Solomon Islands
88%
Sri Lanka
88%
Tonga
88%
Cyprus
75%
Papua New Guinea
75%
Taiwan
75%
Timor-Leste
75%
Mauritius
63%
Greenland
13%

Score Distribution

Percentile by Number Answered

Percent of People with Each Score

Your Score History

You have not taken this quiz since the last reset